00581nam a2200193Ia 450000500170000001000280001702000260004503500130007103500170008403500130010103700210011403700130013508200110014810000180015924500940017726000300027127000590030130000270036020170705102648.0 aBAC-EN21 ENG-111807 a9789332519930c275.00 aEN-95339 aB-590033-062 aB-668077 bTechniz/Venadpl bDBAD/PUB a346.07 aSheth, Tejpal aBusiness law for University of Delhi as per the new syllabus of B.Com. /cby Tejpal Sheth c2014aNew DelhibPearson  a11 Community Centre,Panchsheel ParkbNew Delhie110017 c24cm(pbk)axiii,357p.